Statistics for Mixed quiz

Click here to take the quiz!

General Stats

  • This quiz has been taken 9 times
  • The average score is 8 of 15

Answer Stats

QuestionAnswer% Correct
Which is the biggest city in TexasHouston
100%
Which US state was actor Mark Wahlberg born inMassachussets
100%
Which Fast food restaurant has the big macMcdonalds
100%
On which social media app can you use filters such as the dog faceSnapchat
100%
Which NFL team won the 2013 Super BowlBaltimore Ravens
50%
Which Country was actor Bruce Willis born inGermany
50%
Which of these actors has won the most grammysJay Z
50%
Which MLB player won the 2022 home run derbyJuan Soto
50%
Which US state has the nickname of the Bluegrass StateKentucky
50%
Which state was NFL player Dak Prescott born inLouisiana
50%
Which NBA player won the MVP in 2011Derrick Rose
25%
Which NFL player has sold the most jerseys for the 2022 seasonJosh Allen
25%
Which NBA player sells the most shoesLebron James
25%
Which NHL team won the 2019 Stanley CupSt. Louis Blues
25%
Which shoe brand is NBA player Joel Embiid signed toUnder Armour
25%

Score Distribution

Percentile by Number Answered

Percent of People with Each Score

Your Score History

You have not taken this quiz